000
00250nam a2200097Ia 4500
008
240331s9999 xx 000 0 und d
082
_b
MIT
100
_a
Mitra, A
245
0
_a
Television and popular culture in India :
_b
a study of Mahabharat
942
_c
L
999
_c
2156
_d
2156